000 01287nam a22002537a 4500
010 _aB-066673
020 _a8126013060
_c300.00
035 _aB-066673
037 _aCen Lib / Ret
040 _aDPL
_bPN
082 _a809
_bਨਾਰੰਗ
100 _aਨਾਰੰਗ, ਗੋਧੀਚੰਦ
_9133722
245 _aਸੰਰਚਨਾਵਾਦ ਉੱਤਰ-ਸੰਰਚਨਾਵਾਦ ਅਤੇ ਪੂਰਬੀ ਕਾਵੀ-ਸ਼ਾਸਤਰ /
_cਗੋਧੀਚੰਦ ਨਾਰੰਗ ; ਅਨੁਵਾਦਕ ਜਗਬੀਰ ਸਿੰਘ
246 _aSaṃracanawada uttara-saṃracanawada ate purabi kawi-shasatara /
_bby Gopi Chand Narang ; translated by Jagbir Singh
260 _aਨਵੀਂ ਦਿੱਲੀ
_bਸਾਹਿਤ ਅਕਾਦਮੀ
_c2002
270 _aਰਵਿੰਦਰ ਭਵਨ, 35 ਫ਼ੀਰੇਜ਼ਸ਼ਾਹ ਮਾਰਗ
_bਨਵੀਂ ਦਿੱਲੀ
_e110001
300 _a528p ;
_b24cm
650 _aPunjabi Literature
_9133723
650 _aPunjabi literature -- criticism
_97006
650 _aਪੰਜਾਬੀ ਸਾਹਿਤ
_9133724
650 _aਪੰਜਾਬੀ ਸਾਹਿਤ -- ਆਲੋਚਨਾ
_9133725
700 _aਜਗਬੀਰ ਸਿੰਘ
_9133726
942 _2ddc
_cPN
_h809
_mਨਾਰੰਗ
999 _c111166
_d111166